Data mining : (رقم التسجيلة. 30406)
[ عرض عادي ]
| 000 -الفاتح | |
|---|---|
| حقل البيانات ثابتة الطول | 00839cam a22002654a 4500 |
| 001 - رقم الضبط | |
| رقم الضبط | 12025463 |
| 003 - محدد رقم الضبط | |
| رقم الضبط | OSt |
| 005 - وقت وتاريخ اخر تعامل مع التسجيلة | |
| رقم الضبط | 20150408114137.0 |
| 008 - عناصر البيانات ثابتة الطول - معلومات عامة | |
| حقل البيانات ثابتة الطول | 000531s2001 caua b 001 0 eng |
| 010 ## - رقم ضبط مكتبة الكونجرس | |
| رقم ضبط مكتبة الكونجرس | 00042822 |
| 020 ## - الرقم الدولى المعيارى للكتب | |
| الرقم الدولى المعيارى للكتاب | 1558604898 |
| 020 ## - الرقم الدولى المعيارى للكتب | |
| الرقم الدولى المعيارى للكتاب | 9781558604896 |
| 040 ## - مصدر الفهرسة | |
| وكالة الفهرسة الأصلية | Ma-Un |
| 050 00 - رقم طلب مكتبة الكونجرس | |
| رقم التصنيف | QA76.9.D343 |
| رقم المادة | H36 2001 |
| 082 00 - رقم تصنيف ديوى العشرى | |
| رقم التصنيف | 006.3 |
| رقم الطبعة | 21 |
| 100 1# - المدخل الرئيسى - إسم شخصى | |
| الإسم الشخصى | Han, Jiawei. |
| 9 (RLIN) | 36704 |
| 245 10 - بيان العنوان | |
| العنوان | Data mining : |
| بقية العنوان | concepts and techniques / |
| بيان المسئوليه,etc | Jiawei Han and Micheline Kamber. |
| 260 ## - PUBLICATION, DISTRIBUTION, ETC. (IMPRINT) | |
| مكان الناشر او الموزع | San Francisco : |
| اسم الناشر او الموزع | Morgan Kaufmann Publishers, |
| تاريخ النشر أو التوزيع | 2001. |
| 300 ## - الوصف المادى | |
| التعداد | xxiv, 550 p. : |
| تفاصيل ماديه اخرى للوعاء | ill. ; |
| أبعاد الوعاء | 24 cm. |
| 440 #4 - بيان السلسلة/مدخل إضافى-العنوان | |
| العنوان | The Morgan Kaufmann series in data management systems |
| 9 (RLIN) | 36705 |
| 504 ## - تبصرة ببليوجرافية | |
| تبصرة ببليوجرافية,الخ | Includes bibliographical references (p. 501-531) and index. |
| 650 #0 - المدخل الاضافى بالموضوع-مصطلح موضوعى | |
| مصطلح موضوعي أو اسم جغرافي كعنصر مدخل | Data mining. |
| 700 1# - المدخل الاضافى - اسم شخصى | |
| الإسم الشخصى | Kamber, Micheline. |
| 9 (RLIN) | 36706 |
| 942 ## - عناصر المدخل الإضافي( كوها) | |
| مصدر التصنيف او مخطط الترفيف | Dewey Decimal Classification |
| Koha [default] item type | كتاب |
| حالة الفقد | نموذج السعر الفعال | حالة تلف | ليس للاعارة | رقم الطلب | رقم النسخة | تاريخ الاكتساب | الموقع الحالي | الباركود | الفرع الرئيسي | Date last checked out | Date last seen | نوع المادة فى نظام كوها | مصدر التصنيف او خطة الترفيف | Total Checkouts | Total Renewals |
|---|---|---|---|---|---|---|---|---|---|---|---|---|---|---|---|
| 2013-08-23 | 006.3 HJD | 1 | 2013-08-23 | المكتبة المركزية بالمجمعة (CL) | 00450795 | المكتبة المركزية بالمجمعة (CL) | 2020-10-12 | 2021-03-09 | كتاب | Dewey Decimal Classification | 1 | ||||
| 2013-08-23 | 006.3 HJD | 2 | 2013-08-23 | المكتبة المركزية بالمجمعة (CL) | 00450797 | المكتبة المركزية بالمجمعة (CL) | 2023-10-12 | 2023-11-26 | كتاب | Dewey Decimal Classification | 1 | ||||
| 2013-08-23 | Not For Loan | 006.3 HJD | 3 | 2013-08-23 | المكتبة المركزية بالمجمعة (CL) | 00450796 | المكتبة المركزية بالمجمعة (CL) | 2013-08-23 | كتاب | Dewey Decimal Classification | |||||
| 2013-08-21 | 006.3 HJD | 1 | 2013-08-21 | مكتبة كلية التربية بالزلفى - طالبات (EZF) | 00450800 | مكتبة مجمع الكليات بالزلفى - طلاب (SZM) | 2018-09-03 | 2024-06-09 | كتاب | Dewey Decimal Classification | 2 | ||||
| 2013-08-21 | 006.3 HJD | 2 | 2013-08-21 | مكتبة كلية التربية بالزلفى - طالبات (EZF) | 00450799 | مكتبة مجمع الكليات بالزلفى - طلاب (SZM) | 2016-06-05 | 2016-07-27 | كتاب | Dewey Decimal Classification | 2 | 2 | |||
| 2013-08-21 | Not For Loan | 006.3 HJD | 3 | 2013-08-21 | مكتبة مجمع الكليات بالزلفى - طلاب (SZM) | 00450798 | مكتبة مجمع الكليات بالزلفى - طلاب (SZM) | 2013-08-21 | كتاب | Dewey Decimal Classification |
